• 首页
  • 本馆介绍
  • 公告通知
  • 最新文献
  • 馆藏检索
  • 电子资源
  • 读者荐购
  • 参考咨询
  • CALIS
  • 我的图书馆
  • 登录
  • 详细信息显示
  • 放入我的书架
  • 预约/预借图书
  • 作者相关作品
  • 分类相关作品
  • 丛书相关作品
  • 出版社相关作品

书目信息

  • 表格格式
  • 工作单格式
  • 卡片格式
题名:
方寸人生
    
 
作者: 高树榆 著
分册: 上  
出版信息: 银川   宁夏人民出版社  2010.05
页数: 185页
开本: 24cm
丛书名:
单 册:
中图分类: I247.57
科图分类: 44.5728
主题词: 长篇小说--中国--现代 , 长篇小说
电子资源:
ISBN: 978-7-227-02043-1
 
 
 
 
 
000 00655nam0 22002411 450
001 012000000067
005 20111228170329.73
010    @a978-7-227-02043-1@dCNY23.90
100    @a20021005d2010 em y0chiy0110 ea
101 0  @achi
102    @aCN@b640000
105    @af z 000ay
200 1  @a方寸人生@9fang cun ren sheng@h上@f高树榆著
205    @a第2版
210    @a银川@c宁夏人民出版社@d2010.05
215    @a185页@c彩图@d24cm
606 0  @a长篇小说@y中国@z现代
606 0  @a长篇小说
690    @aI247.57@v4
692    @a44.5728@v2
701  0 @a高树榆@9gao shu yu@f(1937~)@4著
801  0 @aCN@bNLC@c20111228
905    @aZUCC@dI247.57@eG170=2@f3
    
    方寸人生.上/高树榆著.-第2版.-银川:宁夏人民出版社,2010.05
    185页:彩图;24cm
    
    
    ISBN 978-7-227-02043-1:CNY23.90
    
●
相关链接 在E读中查询图书 在当当中查询图书 在豆瓣中查询图书


正题名:方寸人生     索取号:I247.57/G170=2         预约/预借

序号 登录号 条形码 馆藏地/架位号 状态 备注
1 1185266   211852663   文学库108/108文学库 48排3列5层/ [索取号:I247.57/G170=2] 在馆    
2 1185267   211852672   文学库108/108文学库 48排3列5层/ [索取号:I247.57/G170=2] 在馆    
3 1185268   211852681   文学库108/108文学库 48排3列5层/ [索取号:I247.57/G170=2] 在馆    
河南城建学院图书馆 欢迎您!
大连网信软件有限公司© 版权所有